000 00547nam a2200193Ia 4500
003 GCL
008 140319s9999 xx 000 0 ara d
040 _aGCL /
_cGCL
082 0 4 _a813.01
_bح ل
100 1 _aحسنين عب مارى
245 1 0 _aلوتظهر الشمس : محموعة قصص قصيرة /
_cحسنين عب مارى
300 _a15
490 _aكتاب
_v0
650 0 4 _aالادب العربى
650 0 4 _aالقصص العربية
650 0 4 _aالقصص القصيرة
650 0 4 _aالادب
942 _2ddc
_cBK
999 _c41098
_d41098